Tilastot visalle Yhdysvaltain presidentit kuvissa 1900-2024

Klikkaa tästä pelataksesi tätä visaa!

Yleistilastot

  • Tätä visaa on pelattu 54 kertaa
  • Keskiarvotulos 12 / 22

Vastaustilastot

Vastaus% Oikein
Barack Obama
95%
Joe Biden
93%
Donald Trump
91%
John F. Kennedy
88%
Ronald Reagan
86%
Bill Clinton
81%
George W. Bush
81%
Richard Nixon
74%
Dwight D. Eisenhower
63%
Jimmy Carter
56%
Harry S. Truman
53%
Gerald Ford
51%
Franklin D. Roosevelt
49%
George H. W. Bush
49%
Lyndon B. Johnson
42%
Herbert Hoover
40%
Woodrow Wilson
40%
Theodore Roosevelt
37%
William Taft
26%
Calvin Coolidge
21%
William McKinley
14%
Warren G. Harding
12%

Tulosjakauma

Persentiili vastausten määrän mukaan

Jokaisen tuloksen saaneiden osuus

Tuloshistoriasi

Et ole pelannut tätä visaa